A cold legacy (Record no. 79443)

MARC details
000 -LEADER
fixed length control field 01201nam a2200265 a 4500
008 - FIXED-LENGTH DATA ELEMENTS--GENERAL INFORMATION
fixed length control field 160920s2015 ||||||||||||||||| || u
010 ## - LIBRARY OF CONGRESS CONTROL NUMBER
LC control number 2014009719
020 ## - INTERNATIONAL STANDARD BOOK NUMBER
International Standard Book Number 9780007500246
050 ## - LIBRARY OF CONGRESS CALL NUMBER
Classification number PS 3569.H47C62
100 ## - MAIN ENTRY--PERSONAL NAME
Personal name Shepherd, Megan
245 12 - TITLE STATEMENT
Title A cold legacy
Statement of responsibility, etc. Megan Shepherd.
250 ## - EDITION STATEMENT
Edition statement First Edition.
260 ## - PUBLICATION, DISTRIBUTION, ETC.
Place of publication, distribution, etc. London
Name of publisher, distributor, etc. Harper Voyager
Date of publication, distribution, etc. 2015
300 ## - PHYSICAL DESCRIPTION
Extent 390 p.
350 ## -
-- 20.75
520 ## -
-- After escaping to a remote estate on the Scottish moors, owned by the enigmatic Elizabeth von Stein, Juliet Moreau, the product of her father's animal-human experiments, uncovers the truth about the manor's long history of scientific experimentation--and her own intended role in it.
650 #4 - SUBJECT ADDED ENTRY--TOPICAL TERM
Topical term or geographic name entry element CHARACTERS IN LITERATURE - FICTION
650 #4 - SUBJECT ADDED ENTRY--TOPICAL TERM
Topical term or geographic name entry element Experiments - Fiction
650 #4 - SUBJECT ADDED ENTRY--TOPICAL TERM
Topical term or geographic name entry element SCIENCE FICTION
650 #4 - SUBJECT ADDED ENTRY--TOPICAL TERM
Topical term or geographic name entry element Identity - Fiction
650 #4 - SUBJECT ADDED ENTRY--TOPICAL TERM
Topical term or geographic name entry element Love - Fiction
995 ## -
-- FICTION Collection
-- 746816
-- CBU-MAIN LIBRARY (Kitwe)
-- PS 3569.H47C62
-- 1
-- AVAILABLE
-- Sep 20, 2016
-- 746816
-- Fiction Collection
995 ## -
-- FICTION Collection
-- 746817
-- CBU-SCHOOL OF MEDICINE LIBRARY (Ndola)
-- PS 3569.H47C62
-- 2
-- AVAILABLE
-- Sep 20, 2016
-- 746817
-- Fiction Collection
999 ## -
-- 79443
-- 79443

No items available.